| 000 | 00000nam##2200000za#4500 |
| 001 | 9.645546 |
| 003 | CaOODSP |
| 005 | 20200330135804 |
| 007 | ta |
| 008 | 150407|1994||||xxc||||| f|0| 0 eng|d |
| 020 | |a0-662-21559-1 |
| 040 | |aCaOODSP|beng |
| 043 | |an-cn--- |
| 086 | 1 |aR62-275/1994E |
| 110 | 1 |aCanada.|bCanadian Heritage. |bCanadian Parks Service. |
| 245 | 10|aParks Canada guiding principles and operational policies |
| 260 | |aOttawa - Ontario : |bCanadian Heritage. |c1994. |
| 300 | |a125p. : |billus. ; |c28 cm. |
| 500 | |a"This document is a comprehensive statement of broad principles that gives direction to both present programs and future initiatives of Parks Canada."--Foreword. |
| 520 | 3 |aThis document is a comprehensive statement of broad principles that gives direction to both present programs and future initiatives of Parks Canada.--Foreword |
| 563 | |aSoftcover |
| 590 | |a94-13|b1994-03-31 |
| 690 | 07|aParks|2gcpds |
| 690 | 07|aNational parks|2gcpds |
| 775 | 08|tPrincipes directeurs et politiques de gestion de Parcs Canada |w(CaOODSP)9.679212 |
| 776 | 0#|tParks Canada guiding principles and operational policies |w(CaOODSP)9.698069 |